01287nam a2200277 a 450000100060000000300080000600500170001400800410003102000210007202000210009302000210011403500190013504000270015404100080018108200220018924500690021126000570028030000250033750400530036250504730041565000250088865000270091370000330094070000200097370000160099314537BD-RjUL20211208235639.0140206r19561954enkabc b 001 0 eng d a0198581513 (v.6) a0198581556 (v.7) a0198229054 (v.8) a(BD-RjUL)14590 aDLCbengcDLCdBD-RjUL aeng00a609216bHIS 195612aA history of technology /cedited by Charles Singer ... [et al.] aOxford :bClarendon Press,c1954 [impressinon 1956]. av. :bill. ;c26 cm. aIncludes bibliographical references and indices.0 av. I. From early times to fall of ancient empires -- v. II. The Mediterranean civilizations and the Middle Ages, c.700 B.C. to A.D. 1500 -- v. III. From the Renaissance to the Industrial Revolution , c.1500-c.1750 -- v. IV. The Industrial Revolution, c.1750-c.1850 -- v. V. The late nineteenth century, c.1850-c.1900 -- v. VI. The twentieth century, c.1900 to c.1950, part I -- v. VII. The twentieth century, c.1900 to c.1950, part II -- v. VIII. Consolidated indexes. 0aTechnologyxHistory. 0aCivilizationxHistory.1 aSinger, Charles,d1876-1960.1 aHolmyard, E. J.1 aHall, A. R.